000 01306nabaa22002297a 4500
999 _c6197
_d6197
003 OSt
005 20260125195316.0
008 190701b xxu||||| |||| 00| 0 spa d
040 _cPJ
100 _95281
_aSilva Tamayo, Gustavo E.
245 1 3 _aLa voluntad como requisito esencial del acto administrativo en la ley ("de Bases") 27.742 /
_cGustavo E. Silva Tamayo.
300 _ap. 247-258
500 _aCita: TR LALEY AR/DOC/2157/2024
505 _aSumario: I. Introducción.— II. ¿La voluntad orgánica es un fenómeno exclusivamente normativo que prescinde del dato psíquico?— III. ¿Es correcto hablar de "declaración" y de "vicios de la voluntad estatal"?— IV. Los vicios de la voluntad estatal en la actividad predominantemente discrecional.— V. Los vicios en el procedimiento de formación de la voluntad de un órgano colegiado.— VI. Conclusión.
505 _t¿Te interesa el texto completo? Comunicate al correo: koha@justierradelfuego.gov.ar
650 0 _9211
_aDERECHO ADMINISTRATIVO
650 0 _91135
_aPROCEDIMIENTO ADMINISTRATIVO
650 0 _96931
_aAUDIENCIAS PÚBLICAS
650 0 _aREFORMA DEL ESTADO
_93177
773 0 _02842
_93251
_dBuenos Aires : AbeledoPerrot, 2012-
_oDA121
_tDerecho administrativo. Nº 155 septiembre/octubre 2024
_z18510590
942 _2udc
_cANA